Most Famous People by First Name #11 - Statistics

General Stats
  • This quiz has been taken 126 times
  • The average score is 8 of 60
Answer Stats
Answer % Correct
Hitler
95%
van Beethoven
80%
Charles
49%
Kardashian
49%
Polanski
41%
I
40%
Jackman
40%
Astaire
33%
Proust
33%
Lang
30%
VI
28%
IV
23%
Chandler
21%
Klimt
21%
Cooper
19%
XII
17%
XIII
17%
Basinger
14%
Griezmann
14%
de Saint-Exupéry
13%
Cuarón
12%
Laurie
12%
Mahler
11%
Eichmann
10%
Salah
10%
Walker
10%
Grohl
8%
Davis Jr.
6%
Diderot
6%
Abramovich
5%
Bradbury
5%
Desailly
5%
Haber
5%
Herzog
5%
Bautista
4%
Duchamp
4%
Mascagni
4%
Munro
4%
Mustaine
4%
Strindberg
4%
Lavoisier
3%
Rogers
3%
(footballer)
2%
Morsi
2%
Poincaré
2%
Wittgenstein
2%
Boltzmann
1%
Milland
1%
Badoglio
0%
Capet
0%
Clijsters
0%
ElBaradei
0%
Kekulé
0%
Kirchhoff
0%
Krogh
0%
Mukwege
0%
Perugino
0%
Pregl
0%
Sassou Nguesso
0%
von Baeyer
0%
No matching quizzes found
Score Distribution
Percent of People with Each Score
Percentile by Number Answered
Your Score History
You have not taken this quiz